| 000 | 00658nam a22001577a 4500 | ||
|---|---|---|---|
| 003 | OSt | ||
| 005 | 20151120145350.0 | ||
| 008 | 151120b xxu||||| |||| 00| 0 eng d | ||
| 040 | _cRUA | ||
| 082 | _aFIS អ៊ីង 1995 B159 Or.1 | ||
| 100 |
_93962 _aអ៊ីង គឹមលាង |
||
| 245 | _aEvaluation of the suitability of catlocarpio siamensis small scale aquaculture systems, ការវាយតំលៃនៃភាពសមស្របលើការចិញ្ចឹមត្រីគល់រំាងជាលក្ខណះគ្រួសារ, | ||
| 260 |
_aPhnom Penh _bRUA _c1995 |
||
| 300 |
_a105p. _bill. _c29cm. |
||
| 942 |
_2ddc _cFIS |
||
| 999 |
_c3683 _d3683 |
||